[Event "Corsica Masters rap 07th"]
[Site "Bastia"]
[Date "2003.11.02"]
[Round "2.1"]
[White "Topalov, Veselin"]
[Black "Gurevich, Mikhail"]
[Result "1-0"]
[WhiteElo "2735"]
[BlackElo "2656"]
[Annotator "Gurevich,M"]
[PlyCount "131"]
[EventDate "2003.11.01"]
[EventType "k.o. (rapid)"]
[EventRounds "4"]
[EventCountry "FRA"]
[SourceTitle "CBM 098"]
[Source "ChessBase"]
[SourceDate "2004.02.03"]
[SourceVersion "1"]
[SourceVersionDate "2004.02.03"]
[SourceQuality "1"]

1. e4 e6 2. d4 d5 3. Nc3 Nf6 4. Bg5 dxe4 5. Nxe4 Nbd7 6. Nf3 h6 7. Nxf6+ Nxf6
8. Bxf6 Qxf6 9. Bd3 (9. Bb5+ c6 10. Bd3 Bd7 11. Qe2 c5 12. Qe4 (12. O-O-O O-O-O
13. Be4 Kb8 14. Ne5 cxd4 (14... Bd6 15. Nxd7+ Rxd7 16. dxc5 Qg5+ 17. Kb1 Qxc5
18. Rd3 Rhd8 19. Rhd1 Qb5 $11 {1/2-1/2 Magem Badals,J-Gurevich,M/France 2002/
CBM 88 ext (27)}) 15. Bxb7 Qf4+ 16. Kb1 Kxb7 17. g3 Qf5 18. Rxd4 Bc5 19. Rf4
Qg5 20. h4 {1-0 Topalov,V-Bareev,E/Monaco 2002/CBM 87 ext (20)}) 12... Rb8 13.
Ne5 Bd6 14. Nxd7 Kxd7 15. dxc5 Bxc5 16. O-O Kc7 {1/2-1/2 Kulaots,K-Speelman,J/
Plovdiv BUL 2003/The Week in Chess 466 (16)}) 9... Bd7 10. Qe2 c5 11. Ne5 {TN}
O-O-O (11... Bd6 12. Bb5 Bxe5 13. Bxd7+ Kxd7 14. dxe5 Qe7 15. O-O-O+ $36) 12.
c3 cxd4 13. cxd4 (13. Rc1 $5 Kb8 14. O-O $44) 13... Bb4+ 14. Kf1 Kb8 $5 {
[/\15...Bc8;Xd4]} 15. h4 Bc8 16. Qe4 Rd6 $1 {[/\17...Rhd8]} 17. Nf3 Ba5 18. h5
Bb6 19. Rh4 Rhd8 (19... Bd7 20. Rf4 Bc6 21. Qe3 Qe7 22. Ne5 $13) 20. Rf4 Qe7
21. Bc4 (21. Rc1 f6 22. Be2 Bd7 $14) 21... Qc7 22. b3 (22. Rc1 Bxd4 23. Nxd4
Rxd4 24. Qxd4 Rxd4 25. Rxd4 b5 26. Kg1 Ba6 $19) 22... f6 (22... Bxd4 $5 23.
Nxd4 Rxd4 24. Qxd4 Rxd4 25. Rxd4 b5 $1 26. Be2 $8 Qh2 27. Ke1 Qh1+ 28. Bf1 Bb7
29. f3 Qxh5 $15) 23. Re1 a6 24. Kg1 Ba5 25. Rb1 b5 26. Be2 Bb7 27. Qe3 Rc6 $15
28. Rg4 Bb6 $5 (28... Rc3 $1 29. Bd3 (29. Qxe6 Bc8 30. Qe4 f5) 29... f5 (29...
e5 30. Qe2 exd4 31. a4 $132) 30. Rh4 (30. Rg6 f4 31. Qe2 Bxf3 32. gxf3 Rxd4 $17
) 30... f4 31. Qe2 (31. Rxf4 Rxd3 32. Qxd3 Qxf4) 31... Bxf3 $17) 29. Qd3 e5 30.
Qh7 Rc1+ 31. Rxc1 Qxc1+ 32. Bf1 e4 33. Rxg7 Bd5 34. Nh4 Bxd4 (34... e3 $1 $40)
35. Nf5 Bb6 $6 $138 36. Qg6 Qf4 37. Qg3 Qxg3 38. Rxg3 Be6 39. Nxh6 Rd1 (39...
Rd2 $19) 40. Ng4 Bc7 $2 (40... Bxg4 41. Rxg4 e3 42. fxe3 Bxe3+ 43. Kh2 Rxf1 $19
) 41. Ne3 $16 Rd8 42. Rg6 Bf7 43. Rxf6 Bxh5 44. Rxa6 b4 45. Rh6 Bf7 46. g3 Rd2
47. Rh7 Be6 48. Re7 Bg8 49. Bg2 Rd8 50. Bxe4 Bd6 51. Rb7+ Kc8 52. Ra7 Bc5 53.
Ra8+ Kc7 54. Rxd8 Kxd8 55. Kf1 Kc7 56. Ke2 Kd6 57. f4 Bf7 58. Nc4+ Ke7 59. Kf3
Bd4 60. g4 Be8 61. Ne5 Kd6 62. Nd3 Bc3 63. g5 Bh5+ 64. Kg3 Bd2 65. Bf3 Bg6 66.
Ne5 1-0

[Event "Benidorm Bali"]
[Site "Benidorm"]
[Date "2003.11.27"]
[Round "2"]
[White "Mamedyarov, Shakhriyar"]
[Black "Topalov, Veselin"]
[Result "0-1"]
[WhiteElo "2595"]
[BlackElo "2735"]
[Annotator "Huebner,R"]
[PlyCount "80"]
[EventDate "2003.11.27"]
[EventType "tourn (rapid)"]
[EventRounds "11"]
[EventCountry "ESP"]
[EventCategory "16"]
[SourceTitle "CBM 099"]
[Source "ChessBase"]
[SourceDate "2004.03.30"]
[SourceVersion "1"]
[SourceVersionDate "2004.03.30"]
[SourceQuality "1"]

1. d4 {Ftacnik} d5 2. c4 c6 3. Nf3 Nf6 4. Nc3 dxc4 5. Ne5 Nbd7 6. Nxc4 b5 7.
Ne3 Bb7 8. g3 c5 9. d5 a6 10. Bg2 g6 11. O-O Bg7 12. a4 (12. Qc2 O-O 13. Rd1
Rc8 14. b3 Nb6 15. a4 b4 16. a5 Nfd7 17. axb6 Bxc3 18. Bb2 Bxb2 19. Qxb2 Nxb6
20. Ng4 h5 21. Ne5 $13 {1/2-1/2 Sulava,N-Kuporosov,V/Budapest 1990 (28)}) 12...
b4 13. Nb1 a5 ({Nach} 13... Nb6 {folgt} 14. a5 Nbxd5 15. Qa4+ Qd7 (15... Kf8
16. Nxd5 Nxd5 17. Rd1 f5 18. Nd2 {sieht auch nicht attraktiv für Schwarz aus.})
16. Qxd7+ Kxd7 17. Rd1 (17. Nxd5 Bxd5 18. Rd1 Kc6 {ist falsch.}) 17... e6 18.
Nc4 Ke7 19. e4 Nc7 20. Be3 {mit entscheidendem Angriff.}) 14. Qc2 O-O {Genauer
spielte Schwarz in der Vorgängerpartie:} (14... Nb6 15. Rd1 O-O 16. Nd2 Ne8 17.
Nb3 ({Zu gleichem Spiel führt die Fortsetzung} 17. Ndc4 Nd6 18. Rb1 Ndxc4 19.
Nxc4 Nxc4 20. Qxc4 Ba6 $11 {Nach dem Textzug gewinnt Weiß zwar zunächst einen
Bauern, leidet aber an der unharmonischen Aufstellung seiner Figuren und kommt
nicht dazu, seine Entwicklung zu vollenden.}) 17... Nd6 18. Qxc5 (18. Nxc5 Rc8
19. Nxb7 Nxb7 20. Qd3 Nc5 21. Qb5 Nb3 22. Rb1 Rc5 {ist offenbar ungünstig für
Weiß.}) 18... Nd7 19. Qc2 Rc8 $17 {0-1 Romanishin,O-Morozevich,A/Elista 1998/
CBM 66 ext/[Huebner,R] (60). (60)}) 15. Nd2 Ne8 {Ftacnik: 'Topalov has a very
good feeling for the positions of the Benoni type, the strength of the Bg7
should not be underestimated.'} 16. Nec4 Nd6 17. e4 Ba6 18. Rd1 Rc8 19. f4 $6 {
Ftacnik: 'Mamedyarov was probably not suspecting, that with this pseudoactive
move he have put his own king in danger. ' Weiß ist nicht genügend entwickelt,
um eine Expansion im Zentrum mit Erfolg durchführen zu können; er schwächt nur
seine Stellung.} (19. Rb1 {zur Vorbereitung von b2-b3 hommt in Betracht.}) (19.
Bf1 {zur Festigung des Punktes c4 sieht ebenfalls solider aus.} Bxc4 {Ftacnik}
20. Nxc4 Nxc4 21. Bxc4 Ne5 $11) (19. Bh3 {Ftacnik} f5 $5 20. Nxd6 $140 exd6 21.
exf5 Ne5 $1 22. fxg6 Bd3 23. Qb3 c4 24. Qa2 Qb6 $17) 19... Nb6 20. Bf1 $2 ({Auf
} 20. Nxa5 {folgt} Nxd5 21. Nac4 ({Verfehlt ist} 21. Ndb3 c4 22. Rxd5 e6 23.
Rd1 cxb3 24. Qf2 Rc2 25. Qe3 Qxa5 26. Rxd6 Re2 {, und Schwarz gewinnt.}) (21.
Ndc4 Bd4+ 22. Kh1 Nf6 23. Nxd6 (23. h3 b3 24. Qxb3 Nfxe4 {sieht auch gut für
Schwarz aus.}) 23... exd6 24. Nb3 Ng4 25. Nxd4 cxd4 {überläßt dem Schwarzen
eine starke Initiative.}) 21... Bd4+ 22. Kh1 Nf6 {mit scharfem Spiel; die
Stellung des Weißen sieht nicht harmonisch aus.}) (20. Nxd6 exd6 21. Nb3 {
bietet die besten Aussichten auf Widerstand.}) 20... Bd4+ 21. Kg2 Ndxc4 22.
Nxc4 (22. Bxc4 Nxc4 23. Nxc4 f5 {ist nicht angenehmer für Weiß.}) 22... Nxd5
$19 23. Be2 Nf6 24. Bf3 Qc7 25. Bd2 Bxc4 26. Qxc4 Bxb2 27. Rab1 Bd4 28. Rbc1
Nd7 29. Bxb4 axb4 30. Rxd4 Qa7 31. Rd2 Nb6 32. Qb5 Nxa4 33. Ra1 Nc3 34. Qf1 Qc7
35. e5 c4 36. Ra6 Qc5 37. e6 f5 38. h4 Ne4 39. Rd7 c3 40. Raa7 c2 0-1

[Event "Benidorm Bali"]
[Site "Benidorm"]
[Date "2003.11.28"]
[Round "5"]
[White "Topalov, Veselin"]
[Black "Romero Holmes, Alfonso"]
[Result "1/2-1/2"]
[WhiteElo "2735"]
[BlackElo "2544"]
[Annotator "Avrukh,B"]
[PlyCount "52"]
[EventDate "2003.11.27"]
[EventType "tourn (rapid)"]
[EventRounds "11"]
[EventCountry "ESP"]
[EventCategory "16"]
[SourceTitle "CBM 099"]
[Source "ChessBase"]
[SourceDate "2004.03.30"]
[SourceVersion "1"]
[SourceVersionDate "2004.03.30"]
[SourceQuality "1"]

1. Nf3 d6 2. d4 Nf6 3. c4 g6 4. Nc3 Bg7 5. e4 O-O 6. Be2 Bg4 7. Be3 Nfd7 8. Rc1
c5 9. d5 b5 10. cxb5 a6 11. bxa6 ({Deserve attention} 11. a4 axb5 12. axb5 Nb6
13. O-O Bxf3 14. gxf3 N8d7 15. f4 Ra5 16. Kh1 $14 {1-0 Izoria,Z-Romero Holmes,
A/France 2003/EXT 2004 (38)}) 11... Nxa6 12. O-O Qa5 13. Nd2 Bxe2 14. Qxe2 Rfb8
$1 $146 {This standard move in fact appears to be a serious improvement,Black
builds up the pressure on queenside and he can comfortably to defend his
e7-pawn with Kf8.} (14... Nc7 15. Bg5 $1 {[%csl Ge7]} Rfe8 16. f4 e6 17. dxe6
Nxe6 18. Nc4 Qa6 19. Nd5 Qxa2 20. Be7 Nd4 21. Qd3 $16 {[%csl Gd6] 1-0 Graf,
A-Romero Holmes,A/Istanbul 2003/CBM 96 (30)}) 15. Nc4 Qb4 16. a3 {A
questionable choice,allowing Black to get a very comfortable square for his
queen.} ({Strangely enough, but i didn't manage to find a decent way for White
to fight for advantage.Black keeps good counterplay in all lines.} 16. Bd2 Ne5
(16... Nb6 17. Nd1 Qa4 $1 {also not bad} (17... Qb5 $143 18. b3 $1 $14)) 17.
Nd1 (17. Nxe5 Bxe5 18. b3 Qa3 $44) 17... Qa4 $1 (17... Qb5 18. b3 $1) 18. Bg5
Nxc4 19. Rxc4 Qxa2 20. Bxe7 Rb6 $44) (16. f4 Nb6 17. Nxb6 Rxb6 {[%csl Gb2,Ge4]}
) (16. Rc2 Ne5 17. Nd2 Qb7 {[%cal Ga6b4]} 18. a3 Nc7 $132 {[%cal Gc7b5]}) 16...
Qb3 17. Rc2 {[%cal Gc4a5]} (17. f4 {was critical} {but after forced} Nc7 (17...
Nb6 $2 18. Na5 {[%csl Gb3]}) 18. e5 Nb6 (18... Nb5 $2 19. Ne4 $16) 19. exd6
exd6 20. Nxd6 Nbxd5 21. Bxc5 Qxb2 22. Rc2 Nxc3 23. Rxb2 Nxe2+ 24. Rxe2 Bf8 $1
$11 {White is unable to hold his extra pawn}) 17... Nc7 18. Bg5 Kf8 $1 (18...
Nb6 $143 19. Ne3 $1 (19. Nxb6 Rxb6 20. Bxe7 f6 {[%csl Ge7]} 21. e5 $8 fxe5 22.
Ne4 Nb5 $44) 19... Nc8 20. Ng4 $1 {with good attacking prospects}) 19. f4 {
White has to hurry up in order not to get into the worse position.} h6 20. Bh4
Nb6 {Just in time!} 21. Nxb6 (21. Ne3 Na4 $1 22. Nxa4 Rxa4 {and Black is fine}
23. Nc4 $140 Nb5 24. Bf2 Nc3 $1 {[%csl Gc4]}) 21... Rxb6 22. e5 (22. Rf3 Nb5 {
[%cal Gb5d4]} 23. Nxb5 Qxb5 24. e5 Qxe2 25. Rxe2 Rab8 $44) 22... Nxd5 23. Nxd5
Qxd5 24. Rd2 Qe6 25. Qf3 Rab8 26. Re1 dxe5 ({After} 26... dxe5 27. fxe5 c4 $1 {
[%csl Ga3,Gb2,Ge5] Black even slightly better,due to White's weak pawns.})
1/2-1/2

[Event "Benidorm Bali"]
[Site "Benidorm"]
[Date "2003.11.28"]
[Round "7"]
[White "Topalov, Veselin"]
[Black "Polgar, Judit"]
[Result "1-0"]
[WhiteElo "2735"]
[BlackElo "2722"]
[Annotator "Stohl,I"]
[PlyCount "101"]
[EventDate "2003.11.27"]
[EventType "tourn (rapid)"]
[EventRounds "11"]
[EventCountry "ESP"]
[EventCategory "16"]
[SourceTitle "CBM 099"]
[Source "ChessBase"]
[SourceDate "2004.03.30"]
[SourceVersion "1"]
[SourceVersionDate "2004.03.30"]
[SourceQuality "1"]

1. Nf3 Nf6 2. c4 c5 3. g3 b6 4. Bg2 Bb7 5. O-O g6 6. d4 cxd4 7. Qxd4 Bg7 8. Nc3
d6 9. Rd1 Nbd7 10. Be3 a6 11. Rac1 Rb8 $5 {A playable alternative to the more
usual and satisfactory main line} (11... Rc8 12. b3 O-O 13. Qh4 Rc7 $5 $11) 12.
b3 O-O 13. Qh4 b5 $6 {Black in fact plays 11...Rb8!? to get in this advance in
due time, but at this moment it's premature and loses a P.} ({Better is the
patient} 13... Re8 $142 {Black keeps the b5-advance in reserve after White
will not be able to directly attack the Pb5.} {Possibly somewhat stronger is}
14. Ne1 $5 (14. Bh6 b5 (14... Bh8 $5 15. Bh3 b5 16. cxb5 axb5 17. Qb4 Bxf3 18.
exf3 Ne5 19. Bg2 Nc6 20. Qh4 Qa5 21. Bd2 Qa6 22. Bf1 Ne5 23. Qf4 Qa8 24. Be2
Rec8 25. Kg2 Bg7 26. Qe3 Rc5 27. Kg1 Rbc8 28. h3 b4 $36 {Topalov,V-Gelfand,B/
Monte Carlo act/2001/}) 15. Bxg7 $142 (15. Ng5 Bxg2 16. Kxg2 Bxh6 (16... Qb6
17. Nd5 Qb7 18. e4 Rbc8 $132 19. cxb5 axb5 20. Rxc8 $6 Qxc8 21. Rd3 Qb7 22. Rf3
Bh8 $15 23. g4 $4 Nxe4 24. Nxe7+ Rxe7 25. Nxf7 Bf6 26. Nd8 Qa8 {0-1,Gurevich,
D-Milov,V/New York op/1998/}) 17. Qxh6 bxc4 18. Rd4 cxb3 19. Rh4 Nf8 20. Nce4
b2 21. Nxf6+ exf6 22. Nxh7 {Vassallo Barroche,M-Estremera Panos,S/ESP-chT
Lanzarote/2003/} Rb4 $1 {/\} 23. Rh3 bxc1=Q 24. Ng5 Qa8+ $19) 15... Kxg7 16.
cxb5 axb5 17. Qb4 $14 (17. Nd4 $6 b4 18. Bxb7 Rxb7 19. Nc6 Qb6 $36)) 14... Bxg2
15. Nxg2 Qc7 16. Nf4 Qb7 17. Nfd5 Rbc8 18. Bg5 {Illescas Cordoba,M (2600)
-Gelfand,B (2713) Ciudad de Pamplona 1999 (3) 1/2 Notice we have achieved the
position from the game Illescas-Gelfand, but it's Black's move instead of
White's!} (18. a4 $142 $5) 18... b5 $1 19. cxb5 axb5 20. Nxf6+ Nxf6 21. Bxf6 $6
{1/2,Tadic,B-Marinkovic,S/Herceg Novi/2001/} (21. Qb4 Rc5 22. Be3 Nd5 $11)
21... Bxf6 $15) 14. cxb5 axb5 {[%csl Rb5] ><b5} 15. Nd4 $6 {Topalov,V (2690)
-Psakhis,L (2581) FIDE-Wch k.o. 1999 (3.1) 1-0 Now Black could have retained
his ><b5. Topalov had already in his practice applied a plan of gradual
pressure against the b5-P in} ({but better was to win it outright with} 15. Qb4
$142 $1 {although Black still retained some chances to complicate matters after
} Re8 (15... Bc6 16. Nd4 $14) 16. Ne1 h5 17. Nxb5 Bxg2 18. Nxg2 d5 19. a4 e5
20. Qd6 d4 21. Bg5 Re6 22. Qc7 Qe8 23. Qc2 Reb6 $14 {/+/-,Jackelen,T-Epishin,V/
Bundesliga 0203/2003/}) 15... b4 $2 {[%mdl 8192] Such things happen in rapid
chess-now Black loses his b-P after all.} (15... Bxg2 16. Kxg2 Qb6 (16... Qa5
$5 17. Nc6 Qa8 18. Nd5 Nxd5 19. Rxd5 Rfe8 $13) 17. Kg1 (17. Ndxb5 $6 Qc6+ 18.
Kg1 Rxb5 19. Qa4 Rb6 20. Qxc6 Rxc6 21. Nd5 Nxd5 22. Rxc6 Ne5 $17) 17... Qa6
$132) 16. Bxb7 Rxb7 (16... bxc3 $2 17. Nc6 $18) 17. Nc6 Qe8 (17... Qa8 18.
Nxe7+ (18. Nxb4 $5 $16) 18... Kh8 19. Na4 $5 $16 (19. Ncd5 $5 Qxa2 20. Qc4 Ne5
$14)) 18. Nxb4 Qa8 (18... Ne5 19. Nbd5 $16) 19. Nc6 Nb8 (19... Re8 20. Qa4 $16
(20. b4 $5 Nb8 21. Na5 $16)) 20. Nxb8 Rfxb8 {Now White forces the Q off the
board and achieves a technically won _|_.} (20... Qxb8 $142 21. Bd4 $16) 21.
Qa4 $16 {[%mdl 4096] /+- White's o^ on the << will decide the game in the long
run. In the end Topalov finishes Black off elegantly.} h5 22. f3 {White has
time, so he first stops Ng4.} Nd7 23. Qxa8 Rxa8 24. Na4 $1 (24. Bd4 $143 $2
Bxd4+ 25. Rxd4 Rc7 {[%cal Gc8c1] and the pin on the <->c is unpleasant.}) 24...
Bf8 25. Rc2 e6 26. Rdc1 Rbb8 27. Rc7 Nf6 28. Ba7 Rb4 29. Bf2 (29. e4 $5 {
stops Nd5 and further limit Black.} Ne8 30. Rc8 Rxa7 31. Rxe8 $18) 29... Nd5
30. Rc8 Rbb8 (30... Rxc8 $6 31. Rxc8 Kg7 32. e4 $18) 31. Rxb8 Rxb8 32. Kf1 (32.
e4 Nb4 33. a3 Nd3 $14 {/+/- gives Black more <=>, than in the game.}) 32... f5
33. Rc4 Bh6 (33... Rb4 34. Nb2 $1 {[%cal Rb2d3] /\Nd3+-} (34. Rxb4 Nxb4 35. Nc3
Bg7 $14)) 34. Nc3 Ne3+ 35. Bxe3 Bxe3 36. Rc6 Bc5 37. Na4 Ba3 (37... Bb4 38. Rb6
Rxb6 39. Nxb6 d5 40. e4 $5 fxe4 41. fxe4 dxe4 42. Nc4 $18) 38. Nb6 Kf7 39. Rc7+
(39. Nc4 Ra8 $1 $16) 39... Kg8 40. Nd7 Rb5 (40... Ra8 41. e4 Ra5 42. Ke2 $18 {
[%csl Rg8] leaves Black hopelessly pinned on the 8-th rank, a B move allows a4.
White will simply march his K over to the <<.}) 41. h4 Kf7 {Now White finds a
pretty forced win.} 42. Ra7 $1 {Discovered checks only help Black.} Bc1 (42...
Ke7 43. Nc5+ Kf6 44. Nxe6 $1 Kxe6 45. Rxa3 $18) (42... Bb2 43. Nb6+ Kf6 44. Nc4
Be5 (44... Bd4 45. Nxd6 $18) 45. f4 Bd4 46. Nxd6 Bxa7 $8 47. Nxb5 $18) 43. a4
$1 {Traps Black's R.} Rb4 (43... Be3 44. axb5 Bxa7 45. b6 $18) (43... Rxb3 $2
44. Nc5+ $18) 44. Ne5+ Kf6 45. Nd3 Rxb3 (45... Be3 46. Nxb4 Bxa7 47. Nc6 Be3
48. a5 $18 {[%csl Ga5,Gb3] o^a,b}) 46. Nxc1 Rb1 47. Rc7 Ra1 48. Rc4 d5 49. Rc6
Ke7 (49... Rxa4 50. Nd3 $18) 50. f4 Kd7 51. Rc2 {[%cal Yf1f2,Yc1e5] /\Kf2,
Nd3-e5} 1-0